ђ́ўuvres completes de Jules Laforgue ... (رقم التسجيلة. 106211)
[ عرض عادي ]
| 000 -LEADER | |
|---|---|
| fixed length control field | 007080am a2200241 004500 |
| 003 - CONTROL NUMBER IDENTIFIER | |
| control field | EG-GiCUC |
| 008 - FIXED-LENGTH DATA ELEMENTS--GENERAL INFORMATION | |
| fixed length control field | 080529m19021903fr c 000 0afre d |
| 040 ## - CATALOGING SOURCE | |
| Original cataloging agency | DLC |
| Transcribing agency | CarP |
| Modifying agency | DLC |
| 050 00 - LIBRARY OF CONGRESS CALL NUMBER | |
| Classification number | Microfilm 24610 PQ |
| 050 10 - LIBRARY OF CONGRESS CALL NUMBER | |
| Classification number | PQ2323 |
| Item number | .L8 |
| 092 04 - LOCALLY ASSIGNED DEWEY CALL NUMBER (OCLC) | |
| Classification number | 841.8 |
| Item number | L167 |
| Edition number | 21 |
| 099 ## - LOCAL FREE-TEXT CALL NUMBER (OCLC) | |
| Classification number | 04 |
| -- | 841.8 L167 |
| 100 1# - MAIN ENTRY--PERSONAL NAME | |
| Personal name | Laforgue, Jules, |
| Dates associated with a name | 1860-1887. |
| 245 10 - TITLE STATEMENT | |
| Title | ђ́ўuvres completes de Jules Laforgue ... |
| 260 ## - PUBLICATION, DISTRIBUTION, ETC. | |
| Place of publication, distribution, etc. | Paris: |
| Name of publisher, distributor, etc. | Societe dv mercvre de France, |
| Date of publication, distribution, etc. | 1902-03. |
| 300 ## - PHYSICAL DESCRIPTION | |
| Extent | 3 v.: |
| Other physical details | front. (port., v. 3); |
| Dimensions | 19 cm. |
| 590 ## - LOCAL NOTE (RLIN) | |
| Local note | Library has Tome ii only. |
| 600 10 - SUBJECT ADDED ENTRY--PERSONAL NAME | |
| Personal name | Laforgue, Jules, |
| Dates associated with a name | 1860-1887. |
| Title of a work | Complaintes. |
| 902 ## - LOCAL DATA ELEMENT B, LDB (RLIN) | |
| No. of Items | 1 |
| 905 ## - LOCAL DATA ELEMENT E, LDE (RLIN) | |
| Cataloger | Jamal |
| Reviser | Cat |
| 905 ## - LOCAL DATA ELEMENT E, LDE (RLIN) | |
| Cataloger | Mona |
| Reviser | Rev |
| 942 ## - ADDED ENTRY ELEMENTS (KOHA) | |
| Source of classification or shelving scheme | Dewey Decimal Classification |
| Koha item type | Books |
| Source of classification or shelving scheme | Not for loan | Home library | Current library | Date acquired | Full call number | Barcode | Date last seen | Copy number | Koha item type |
|---|---|---|---|---|---|---|---|---|---|
| Dewey Decimal Classification | المكتبة المركزبة الجديدة - جامعة القاهرة | قاعة الانسانيات - الدور الثاني | 11.02.2024 | 841.8 L167 | 01000110185626002 | 23.09.2023 | C.1 | Books |